000 00766nam a2200253 a 4500
005 20171006090054.0
008 140113t1996 ck a gr|||| 00| 0 spa d
020 _a0122039X
040 _aCO-BoIAVH
_cCO-BoIAVH
041 _aspa
044 _ack
082 0 4 _a720.905
_bV15h
100 1 _aValencia Llano, Alonso
245 _aHistoria del gran Cauca
_bhistoria regional del suroccidente colombiano
250 _a2 ed.
260 _aCali
_bUniversidad del Valle
_c1996
300 _a313 paginas. :
_bilustracion. ;
_c34 x 24 cm.
650 4 _aGeografía histórica
650 4 _aHistoria
662 _aColombia
_bCauca
662 _aColombia
_bValle del Cauca
710 _aInstituto de Estudios del Pacífico
942 _cLIBRO
_2ddc
999 _c65
_d65